00874 2200277 4500001002100000005001500021035002500036008004100061020002200102040001700124082001600141084001800157100002300175245013300198260003700331300004200368500002600410650003300436700002700469850001200496007000300508090002200511090002100533999002100554990002100575INLIS00000000000998420200224105949 a0010-081500000001422150813t2015 yoia j 0 ind d a978-979-29-4783-0 aYOPDYOGbind 223a510.076 a510.076 ATS s aAtsnan, MF,d1987- aSIM :bSaya ingin mendapat nilai 10 UN Matematika SMA IPA Kelas 10,11 dan 12 /cMF Atsnan, Rahmita Yuliana Gazali ; editor, Maya aYogyakarta :bAndi Offset,c2015 avi, 234 halaman :bilustrasi ;c28 cm aBibliografi : hlm.231 aMatematika-Ujian, soal, dsb. aRahmita Yuliana Gazali aYOPDYOGta aDEP 510.076 ATS s aCB-D.11 2015-106 aCB-D.11/2015-106 aCB-D.11/2015-106